Catàleg del Col·legi de Periodistes de Catalunya

50 anys de Ràdio Girona, 1933-1983 (Registre núm. 73)

000 -CABECERA
Longitud fija campo de control 00475nam a2200181 a 4500
001 - NÚMERO DE CONTROL
Número de control 73
003 - IDENTIFICADOR DEL NÚMERO DE CONTROL
Identificador del número de control CDMR
005 - FECHA Y HORA DE LA ÚLTIMA TRANSACCIÓN
Fecha y hora de la última transacción 20131024133209.0
008 - CÓDIGOS DE INFORMACIÓN DE LONGITUD FIJA
Códigos de información de longitud fija 130130s1990||||||||||||||||||||||||||||d
020 ## - NÚMERO INTERNACIONAL NORMALIZADO PARA LIBROS
Número Internacional Normalizado para Libros (ISBN) 8485874382
040 ## - FUENTE DE LA CATALOGACIÓN
Centro catalogador de origen CDMR
Lengua de catalogación cat
Centro transcriptor CDMR
100 1# - PUNTO DE ACCESO PRINCIPAL-NOMBRE DE PERSONA
Nombre de persona Gil Bonancia, Miquel
9 (RLIN) 71
245 10 - MENCIÓN DE TÍTULO
Título 50 anys de Ràdio Girona, 1933-1983
Mención de responsabilidad, etc. Miquel Gil Bonancia
260 ## - PUBLICACIÓN, DISTRIBUCIÓN, ETC. (PIE DE IMPRENTA)
Lugar de publicación, distribución, etc. Girona
Fecha de publicación, distribución, etc. 1990
Nombre del editor, distribuidor, etc. Carles Vallés
300 ## - DESCRIPCIÓN FÍSICA
Extensión 167 p.
650 04 - PUNTO DE ACCESO ADICIONAL DE MATERIA - TÉRMINO DE MATERIA
9 (RLIN) 3756
Término de materia o nombre geográfico como elemento inicial Ràdio local
Subdivisión geográfica Catalunya
942 ## - ENTRADA DE ELEMENTOS AGREGADOS (KOHA)
Koha [por defecto] tipo de item Monografies
Fuente de clasificaión o esquema
Fons
Suprimido Perdido Estropeado No para préstamo Localización permanente Localización actual Fecha adquisición Préstamos totales Renovaciones totales Signatura completa Código de barras Fecha última consulta Fecha último préstamo Fecha del precio de reemplazo Tipo de item de Koha
        Centre de Documentació Montserrat Roig Centre de Documentació Montserrat Roig 2013-01-16 1 1 Eu /2 CDMR13107883J 2014-01-14 2013-12-02 2013-01-16 Monografies

Implantat amb Koha